000 00280nam a2200121Ia 4500
100 _aIBM Corporation
942 _cBK
654 _aPC/xt Technical Reference
245 _aPC/xt Technical Reference
260 _bInternational B.M. Corporation
546 _aENGLISH
999 _c28130
_d28130